Cuestiones de filosofía individual y social de la educación

Պահպանված է:
Մատենագիտական մանրամասներ
Հիմնական հեղինակ: García Hoz, Víctor (Հեղինակ)
Ձևաչափ: Գիրք
Լեզու:իսպաներեն
Հրապարակվել է: Madrid Rialp 1962
Հրատարակություն:2a. ed
Շարք:Biblioteca de Educación y Ciencias Sociales. Serie Investigaciones y Ensayos, 2
Խորագրեր:
Ցուցիչներ: Ավելացրեք ցուցիչ
Չկան պիտակներ, Եղեք առաջինը, ով նշում է այս գրառումը!

MARC

LEADER 00000nam a2200000 a 4500
001 UCY8015
003 CL-VaPUC
008 950623e19620000SP |||||||||||||||||spa|d
082 0 4 |a 370.1  |b GAR  |2 21 
100 |a García Hoz, Víctor  |e author  |9 414544 
245 1 0 |a Cuestiones de filosofía individual y social de la educación 
250 |a 2a. ed 
300 |a 139 p 
942 |c BK 
945 |d 19950623 00:00:00  |a cmena 
260 |a Madrid  |b Rialp  |c 1962 
650 0 |a Filosofía de la educación   |9 258384 
650 0 |a Responsabilidad social  |9 339076 
650 7 |a PAPEL DE LA EDUCACION  |2 CL-VaPUC  |9 338800 
650 0 |a Enseñanza  |9 256457 
650 0 |a Docentes  |9 311365 
650 0 |a Sociedad  |9 307903 
583 |a last modification  |c 19950623 00:00:00  |k Rodrigo Vera 
490 0 |a Biblioteca de Educación y Ciencias Sociales. Serie Investigaciones y Ensayos, 2 
999 |c 235302  |d 235300 
952 |0 0  |1 0  |4 0  |6 370_100000000000000_GAR_1962  |7 0  |8 A  |9 242625  |a BIBEDU  |b BIBEDU  |d 2019-11-18  |i 1521683  |o 370.1 GAR 1962  |p 1521683  |r 2019-11-18  |w 2019-11-18  |y BK  |k EDU